000
00270nam a2200121Ia 4500
005
20251222140043.0
008
251222s1900||||xx |||||||||||||| ||spa||
082
_a
170/S29/T.I
100
_a
Scheler, Max
245
0
_a
Ética:
264
_b
Revita Occidente
942
_c
LIB
999
_c
3339
_d
3339